Countries of South America With a Disappearing Map - Statistics

General Stats
  • This quiz has been taken 2,571 times
  • The average score is 12 of 12
Answers on the Map
Answers color-coded by a green-red scale on the quiz's map according to % correct below.
 
Answer Stats
Country % Correct
Brazil
100%
Chile
100%
Argentina
99%
Colombia
99%
Peru
99%
Uruguay
99%
Bolivia
98%
Ecuador
98%
Paraguay
98%
Venezuela
98%
Guyana
97%
Suriname
97%
No matching quizzes found
Score Distribution
Percent of People with Each Score
Percentile by Number Answered
Your Score History
You have not taken this quiz